Normal view
MARC view
- Schneider, Gary P.,
Entry Personal Name
001 - CONTROL NUMBER
- control field: 19704
003 - CONTROL NUMBER IDENTIFIER
- control field: NUST
005 - DATE AND TIME OF LATEST TRANSACTION
- control field: 20190829074323.0
008 - FIXED-LENGTH DATA ELEMENTS
- fixed length control field: 190829|| aca||aabn | a|a d
040 ## - CATALOGING SOURCE
- Original cataloging agency: NUST
- Transcribing agency: NUST
100 ## - HEADING--PERSONAL NAME
- Personal name: Schneider, Gary P.,
- Dates associated with a name: 1952-
670 ## - SOURCE DATA FOUND
- Source citation: Work cat.: (NUST)0: Perry, James T. 19701, Building accounting systems using Access2000 /, c2001.
